Wildlife management; អត្តសញ្ញាណ និងការគ្រប់គ្រងសត្វព្រៃ (Record no. 10158)
[ view plain ]
| 000 -LEADER | |
|---|---|
| fixed length control field | 00348nam a22001217a 4500 |
| 040 ## - CATALOGING SOURCE | |
| Transcribing agency | SK |
| 082 ## - DEWEY DECIMAL CLASSIFICATION NUMBER | |
| Classification number | 333 |
| 100 ## - MAIN ENTRY--AUTHOR NAME | |
| Personal name | លិ វុឌ្ឍី |
| 245 ## - TITLE STATEMENT | |
| Title | Wildlife management; អត្តសញ្ញាណ និងការគ្រប់គ្រងសត្វព្រៃ |
| 260 ## - PUBLICATION, DISTRIBUTION, ETC. (IMPRINT) | |
| Place of publication | RUA |
| Name of publisher | លិ |
| Year of publication | 2008 |
| 300 ## - PHYSICAL DESCRIPTION | |
| Number of Pages | 36p. |
| 942 ## - ADDED ENTRY ELEMENTS (KOHA) | |
| Koha item type | សៀវភៅភាសាខ្មែរ |
| 952 ## - LOCATION AND ITEM INFORMATION (KOHA) | |
| Withdrawn status [LOCAL, KOHA] | 0 |
| 952 ## - LOCATION AND ITEM INFORMATION (KOHA) | |
| Withdrawn status [LOCAL, KOHA] | 0 |
| Permanent Location | Date acquired | Koha item type | Lost status | Shelving location | Barcode | Current Location | Full call number |
|---|---|---|---|---|---|---|---|
| Library Block C | 2016-09-21 | សៀវភៅភាសាខ្មែរ | C016 | RUA055832 | Library Block C | 333 លិ 2008 C016 Or | |
| Library Block C | 2016-09-21 | សៀវភៅភាសាខ្មែរ | C016 | A00924 | Library Block C | 333 លិ 2008 C016 Or |